|
|
|
|
| LEADER |
00000nam2a2200000 4500 |
| 001 |
350387 |
| 005 |
20231102010309.0 |
| 035 |
|
|
|a (RuTPU)RU\TPU\retro\4446
|
| 035 |
|
|
|a RU\TPU\book\326687
|
| 090 |
|
|
|a 350387
|
| 100 |
|
|
|a 20190129d1957 k y0rusy50 ca
|
| 101 |
0 |
|
|a rus
|
| 102 |
|
|
|a RU
|
| 105 |
|
|
|a a z 001zy
|
| 200 |
0 |
|
|a № 245 : Вопросы партийно-советской печати
|f Ленинградский государственный университет (ЛГУ), Филологический факультет, Кафедра теории и практики партийно-советской печати ; отв. ред. С. В. Смирнов
|
| 210 |
|
|
|d 1957
|
| 215 |
|
|
|a 177 с.
|c ил.
|
| 225 |
1 |
|
|a Серия филологических наук
|v Вып. 43
|
| 320 |
|
|
|a Библиогр. в конце ст.
|
| 461 |
|
1 |
|0 (RuTPU)RU\TPU\book\347780
|t Ученые записки [Ленинградского государственного университета]
|o сборник статей
|f Ленинградский государственный университет (ЛГУ)
|v № 245 : Вопросы партийно-советской печати
|d 1937-
|
| 606 |
1 |
|
|a Печать
|x История
|2 stltpush
|3 (RuTPU)RU\TPU\subj\48731
|9 67576
|
| 610 |
1 |
|
|a газеты
|
| 610 |
1 |
|
|a партийная печать
|
| 610 |
1 |
|
|a журналы
|
| 610 |
1 |
|
|a очерки
|
| 610 |
1 |
|
|a статьи
|
| 610 |
1 |
|
|a сатирические журналы
|
| 610 |
1 |
|
|a сатира
|
| 610 |
1 |
|
|a иллюстрации
|
| 686 |
|
|
|a Ч610.3
|v LBC/SL-A
|2 rubbk
|
| 702 |
|
1 |
|a Смирнов
|b С. В.
|4 340
|
| 712 |
0 |
2 |
|a Ленинградский государственный университет (ЛГУ)
|b Филологический факультет
|b Кафедра теории и практики партийно-советской печати
|c (1924-1991)
|2 stltpush
|3 (RuTPU)RU\TPU\col\77
|
| 801 |
|
1 |
|a RU
|b 63413507
|c 20150731
|
| 801 |
|
2 |
|a RU
|b 63413507
|c 20190129
|g RCR
|
| 942 |
|
|
|c BK
|